00278nam a2200097Ia 4500008004100000020001500041100002000056245003700076260004800113300001900161180205s9999 xx 000 0 und d a9710851284 aJesus, Palma A. aCurriculum developement system / aMandaluyong CitybNational book storec1992 avii, 168 pages